000 00876nam a2200217 a 4500
001 83710
003 BD-RjUL
005 20240509130652.0
008 240509s1961 ii ||||| |||| 00| 0 ben d
035 _a(BD-RjUL)83710
040 _aBD-RjUL
_bben
_cBD-RjUL
041 _aben
082 _223
_a891.4409
_bSEC 1961
100 1 0 _aসেন, ক্ষিতিমোহন
_9117310
245 1 0 _aচিন্ময় বঙ্গ /
_cক্ষিতিমোহন সেন
260 _aকলিকাতা :
_bআনন্দ পাবলিশার্স প্রাইভেট লিমিটেড,
_c১৯৬১
300 _a২০৭ পৃ. ;
_c২২ সেমি.
650 _aবাংলা সাহিত্য
_xইতিহাস ও সমালোচনা
_9213453
650 _aBengali literature
_xHistory and criticism
_9213454
942 _2ddc
_cBK
999 _c83710
_d83710